000
00304nam a2200121Ia 4500
008
250327s9999 xx 000 0 und d
020
_a
9781529713466
082
_b
OLE
_a
CQR
100
_a
ZINA O'LEARY
_9
34602
245
0
_a
THE ESSENTIAL GUIDE TO DOING YOUR RESEARCH PROJECT
260
_b
SAGE
942
_c
BK
999
_c
7403
_d
7403